[Event "28th Avoine Open"]
[Site "Avoine FRA"]
[Date "2013.07.20"]
[Round "1.35"]
[White "Poignot,Q"]
[Black "Gros,P"]
[Result "1-0"]
[WhiteElo "2201"]
[BlackElo "2011"]

1.e4 d6 2.d4 Nf6 3.Nc3 c6 4.f4 Qa5 5.Bd3 e5 6.Nf3 Bg4 7.fxe5 dxe5 8.dxe5 Nfd7
9.Bf4 Nxe5 10.Bxe5 Bxf3 11.Qxf3 Qxe5 12.Rf1 f6 13.O-O-O Nd7 14.Qh3 Nb6 15.Rf5 Qe6
16.e5 g6 17.Rxf6 Qxh3 18.gxh3 Bh6+ 19.Kb1 Bg5 20.Rff1 O-O-O 21.Ne4 Be7 22.Rf7  1-0

[Event "XV Sant Marti Open A"]
[Site "Barcelona ESP"]
[Date "2013.07.20"]
[Round "8.10"]
[White "Eggleston,D"]
[Black "Dvirnyy,D"]
[Result "0-1"]
[WhiteElo "2363"]
[BlackElo "2549"]

1.e4 d6 2.d4 Nf6 3.Nc3 e5 4.Nf3 Nbd7 5.Bc4 Be7 6.O-O O-O 7.Re1 c6 8.a4 exd4
9.Qxd4 Ne5 10.Be2 Qc7 11.h3 Nfd7 12.Bf4 Bf6 13.Qe3 Nxf3+ 14.Bxf3 a5 15.Rad1 Be5
16.Bg4 Nf6 17.Bxc8 Raxc8 18.Bxe5 dxe5 19.Rd2 Rfd8 20.Red1 Rxd2 21.Rxd2 h6
22.Qc5 b6 23.Qc4 Nd7 24.b4 axb4 25.Qxb4 Nf8 26.Rd1 Ne6 27.Rb1 Rb8 28.Ne2 Qd7
29.a5 b5 30.a6 Qa7 31.Ra1 Rb6 32.Qd6 Rxa6 33.Rxa6 Qxa6 34.Qxe5 b4 35.Nf4 Nxf4
36.Qb8+ Kh7 37.Qxf4 Qc4 38.Qf5+ g6 39.Qf6 Kg8 40.Qe7 c5 41.e5 Qxc2 42.e6 Qc1+
43.Kh2 Qf4+ 44.Kg1 fxe6 45.Qxe6+ Qf7 46.Qc6 Qf8 47.Qe6+ Kh7 48.h4 h5 49.f3 Kg7
50.Qe5+ Kf7 51.Qd5+ Kf6 52.Qg5+ Ke6 53.Qxg6+ Qf6 54.Qe8+ Kd6 55.Qb8+ Kd5
56.g4 hxg4 57.Qg8+ Qe6 58.Qg5+ Qe5 59.Qg8+ Kd4 60.fxg4 Kc3 61.g5 b3 62.Qa8 b2
63.Qa5+ Kc2 64.Qa4+ Kd2 65.Qa5+ Qc3 66.Qd8+ Qd4+ 67.Qxd4+ cxd4  0-1

[Event "XV Sant Marti Open A"]
[Site "Barcelona ESP"]
[Date "2013.07.20"]
[Round "8.37"]
[White "Posada,J"]
[Black "Anguera Maestro,J"]
[Result "1-0"]
[WhiteElo "2099"]
[BlackElo "2180"]

1.e4 d6 2.d4 Nf6 3.Nc3 c6 4.f4 g6 5.Nf3 Bg7 6.Be3 O-O 7.h3 b5 8.Bd3 Na6 9.a4 b4
10.Ne2 Qc7 11.O-O c5 12.c3 c4 13.Bb1 b3 14.g4 e6 15.Ng3 Ne8 16.f5 e5 17.Qd2 Bb7
18.h4 Rd8 19.d5 Bc8 20.h5 f6 21.hxg6 hxg6 22.fxg6 Bxg4 23.Qh2 Bh8 24.Bh6 Bg7
25.Be3 Bh8 26.Nh4 Qg7 27.Nhf5 Bxf5 28.Nxf5 Qxg6+ 29.Kf2 Kf7 30.Rg1 Qxg1+
31.Qxg1 Ng7 32.Nh6+ Ke7 33.Bxa7 Rd7 34.Be3 Rc7 35.a5 Nc5 36.Qf1 f5 37.exf5 e4
38.Bg5+ Ke8 39.Ke3  1-0

[Event "12th Bergamo Open"]
[Site "Bergamo ITA"]
[Date "2013.07.20"]
[Round "4.6"]
[White "Miracola,Massimiliano"]
[Black "Solomon,K"]
[Result "1/2-1/2"]
[WhiteElo "2128"]
[BlackElo "2410"]

1.e4 d6 2.d4 Nf6 3.Nc3 e5 4.Nf3 Nbd7 5.g4 Nxg4 6.Rg1 Ngf6 7.Bc4 h6 8.Be3 c6
9.Qe2 b5 10.Bb3 Qa5 11.Bd2 b4 12.dxe5 Nxe5 13.Nxe5 dxe5 14.Qc4 Qc7 15.Nd5 Nxd5
16.exd5 c5 17.d6 Bxd6 18.Rxg7 Be6 19.Qe4 Kf8 20.Rh7 Rxh7 21.Qxh7 Ke7 22.Bxe6 Kxe6
23.Qxh6+ f6 24.O-O-O Rg8 25.Qh3+ Kf7 26.Qh5+ Ke6 27.Qh3+ Kf7 28.Qh5+  1/2-1/2

[Event "15th TCh-Eur Senior"]
[Site "Dresden GER"]
[Date "2013.07.20"]
[Round "1"]
[White "Lerstad,Bjorn"]
[Black "Turikov,V"]
[Result "0-1"]
[WhiteElo "1918"]
[BlackElo "2269"]

1.e4 d6 2.d4 Nf6 3.Nc3 c6 4.f3 Nbd7 5.Be3 Qb6 6.Qd2 Qxb2 7.Rb1 Qa3 8.Bc4 Qa5
9.Nge2 g6 10.O-O Bg7 11.a4 O-O 12.Nd5 Qd8 13.Nxf6+ Nxf6 14.a5 d5 15.exd5 Nxd5
16.Bxd5 Qxd5 17.Nf4 Qd6 18.Rfd1 e5 19.dxe5 Qxd2 20.Rxd2 Bxe5 21.Ne2 Re8 22.Bf4 Bxf4
23.Nxf4 Rb8 24.Kf2 h5 25.h3 Kg7 26.Rb3 h4 27.Rc3 Bf5 28.Rc5 Rbd8 29.Rxd8 Rxd8
30.Ke3 Rd6 31.Ne2 b6 32.axb6 axb6 33.Rc3 c5 34.Nf4 g5 35.Nd3 f6 36.Nb2 Kg6
37.Na4 Bd7 38.Nb2 Re6+ 39.Kf2 Kf7 40.Nc4 Ke7 41.Ne3 Kd6 42.Nf5+ Kc7 43.Ne3 Rd6
44.Ke1 Be6 45.Ng4 Bxg4 46.fxg4 Kc6 47.g3 hxg3 48.Rxg3 b5 49.h4 gxh4 50.Rh3 b4
51.Rxh4 Kb5 52.Rh6 Rc6 53.Kd2 c4 54.Rh8 Rd6+ 55.Kc1 Kc5 56.Rg8 Kd4 57.g5 f5
58.g6 Kc3 59.g7 Rg6 60.Kd1 Rg1+  0-1

[Event "Horsens Lang Weekend 2013"]
[Site "Horsens DEN"]
[Date "2013.07.20"]
[Round "6.11"]
[White "Haubro,M"]
[Black "Andersen,Finn"]
[Result "0-1"]
[WhiteElo "2201"]
[BlackElo "2039"]

1.e4 d6 2.d4 Nf6 3.Nc3 Nbd7 4.Nf3 e5 5.Bc4 Be7 6.O-O O-O 7.Qe2 c6 8.a4 b6
9.Rd1 Qc7 10.d5 Bb7 11.dxc6 Bxc6 12.Bg5 Rac8 13.b3 h6 14.Bh4 Rfe8 15.Rd2 Qb8
16.Rad1 Qa8 17.Bxf6 Nxf6 18.Nd5 Bxd5 19.Bxd5 Nxd5 20.Rxd5 Rc3 21.Ne1 Rec8
22.a5 R8c5 23.Qa6 bxa5 24.R1d2 Qb8 25.Rxc5 Rxc5 26.Nd3 Rb5 27.Nb2 Rc5 28.Nd3 Rb5
29.Nb2 Rc5 30.Nc4 Qb4 31.Re2 a4 32.g3 axb3 33.cxb3 Qxb3 34.Nd2 Qb5  0-1

[Event "8th Nana Aleksandria"]
[Site "Poti GEO"]
[Date "2013.07.20"]
[Round "9.7"]
[White "Babaev,T"]
[Black "Nuri,M"]
[Result "1-0"]
[WhiteElo "2400"]
[BlackElo "2201"]

1.e4 d6 2.d4 Nf6 3.Nc3 e5 4.Nf3 Nbd7 5.Bc4 Be7 6.O-O O-O 7.h3 a6 8.a4 h6
9.Be3 exd4 10.Qxd4 Nc5 11.a5 Bd7 12.b4 Ne6 13.Qd3 Bc6 14.Nd5 Nd7 15.c3 Ng5
16.Nxg5 hxg5 17.Qd2 Ne5 18.Bb3 g4 19.hxg4 Nxg4 20.Bd4 Bg5 21.Qe2 Bd7 22.g3 Rc8
23.Rad1 Nf6 24.f4 Bh6 25.Nxf6+ gxf6 26.Qh5 Kg7 27.g4 Be6 28.g5 Rh8 29.Bxf6+  1-0

[Event "XV Sant Marti Open A"]
[Site "Barcelona ESP"]
[Date "2013.07.21"]
[Round "9.32"]
[White "Kjolberg,J"]
[Black "Basencyan,M"]
[Result "0-1"]
[WhiteElo "1999"]
[BlackElo "2130"]

1.e4 d6 2.d4 Nf6 3.Nc3 e5 4.dxe5 dxe5 5.Qxd8+ Kxd8 6.Bg5 Be6 7.O-O-O+ Nd7
8.Nd5 Bxd5 9.exd5 h6 10.Bh4 g5 11.Bg3 Ne4 12.Bd3 Nd6 13.h4 g4 14.h5 f5 15.c3 Be7
16.Ne2 Bf6 17.Kb1 Ke7 18.b3 Rac8 19.c4 a5 20.Bc2 a4 21.bxa4 Ra8 22.Nc3 f4
23.Bh4 Nxc4 24.Bb3 Nd6 25.Bxf6+ Kxf6 26.Rc1 b6 27.Rh4 Kg5 28.g3 Nc5 29.gxf4+ exf4
30.Rhh1 Rhe8 31.Bc2 Re5 32.Bg6 Nxa4 33.Nxa4 Rxa4 34.Rxc7 Re1+ 35.Kb2 Re2+
36.Kb3 Raxa2  0-1

[Event "12th Bergamo Open"]
[Site "Bergamo ITA"]
[Date "2013.07.21"]
[Round "5.9"]
[White "Zimina,O"]
[Black "Miracola,Massimiliano"]
[Result "1-0"]
[WhiteElo "2330"]
[BlackElo "2128"]

1.e4 d6 2.d4 Nf6 3.Nc3 e5 4.Nf3 Nbd7 5.Bc4 Be7 6.O-O O-O 7.a4 a5 8.h3 c6
9.Re1 exd4 10.Qxd4 Nc5 11.Be3 Ne8 12.Rad1 h6 13.Qxc5 dxc5 14.Rxd8 Bxd8 15.Bxc5 Nc7
16.Bxf8 Kxf8 17.Rd1 Ne6 18.Nd4 Nxd4 19.Rxd4 Bf6 20.Rd3 Ke7 21.Rf3 Be6 22.Bxe6 Kxe6
23.Rd3 Bxc3 24.Rxc3 Rb8 25.b3 Rd8 26.Kf1 Rd4 27.Rc5 Rxe4 28.Rxa5 Kd6 29.Rf5 f6
30.Rf3 Kc5 31.c3 Re7 32.Re3 Rd7 33.Ke2 b5 34.axb5 cxb5 35.Re8 Rc7 36.Kd3 Rd7+
37.Ke3 Ra7 38.Rc8+ Kb6 39.h4 Ra3 40.b4 Ra7 41.Rc5 Re7+ 42.Kf3 Re6 43.h5 Rd6
44.g3 Rd8 45.Ke4  1-0

[Event "DSK GM Open 2013"]
[Site "Cape Town RSA"]
[Date "2013.07.21"]
[Round "2.7"]
[White "Van den Heever,D"]
[Black "Solomons,D"]
[Result "1/2-1/2"]
[WhiteElo "2280"]
[BlackElo "2179"]

1.e4 d6 2.d4 Nf6 3.Nc3 c6 4.f4 Qa5 5.Bd2 Qb6 6.Nf3 Bg4 7.Bd3 e5 8.fxe5 dxe5
9.dxe5 Nfd7 10.e6 fxe6 11.h3 Bd6 12.Qe2 Bg3+ 13.Kd1 Bh5 14.Qe3 O-O 15.Qg5 Bxf3+
16.gxf3 Be5 17.f4 Bf6 18.Qg4 e5 19.f5 Qd4 20.Ke2 Na6 21.Rhg1 Nac5 22.Be3 Qb4
23.Bg5 Bxg5 24.Qxg5 Rf7 25.a3 Qd4 26.Rad1 Ne6 27.Qg3 Nf4+ 28.Ke1 Nf6 29.Bf1 Nxe4
30.Rxd4 Nxg3 31.Rxf4 exf4 32.Bc4 Nxf5 33.Rg4 Re8+ 34.Kf2 Ne3 35.Bxf7+ Kxf7
36.Rxf4+ Kg6 37.Ne4  1/2-1/2

[Event "65th ch-MNE 2013"]
[Site "Cetinje SRB"]
[Date "2013.07.21"]
[Round "2.11"]
[White "Scekic,V"]
[Black "Kandic,Milo"]
[Result "1-0"]
[WhiteElo "2181"]
[BlackElo "2067"]

1.d4 d6 2.e4 Nf6 3.Nc3 Nbd7 4.f4 c5 5.Nf3 cxd4 6.Qxd4 e6 7.Bd3 a6 8.e5 dxe5
9.fxe5 Bc5 10.Qh4 Nd5 11.Qxd8+ Kxd8 12.Nxd5 exd5 13.Bf4 h6 14.h4 Ke7 15.O-O-O Nb6
16.h5 Be6 17.Nh4 Nc4 18.Rde1 Rhd8 19.Nf5+ Kf8 20.g4 Re8 21.Re2 Rac8 22.g5 hxg5
23.Bxg5 Bxf5 24.Bxf5 Rc6 25.Bd7 Rxe5 26.Rxe5 Nxe5 27.Bxc6 bxc6 28.Bf4 Ng4
29.Rh3 Nf2 30.Rb3 Ke7 31.Rb7+ Ke6 32.Rc7 Ne4 33.Rxc6+ Kf5 34.Bd2 Kg4 35.Rxa6 Kxh5
36.b4 Bf2 37.b5 g5 38.b6 Nc5 39.Ra7 f5 40.Rh7+ Kg6 41.b7 Bg3 42.Rh8 Nxb7
43.Rg8+ Kf6 44.Bxg5+ Kf7 45.Ra8 Nd6 46.a4 f4 47.Kd1 f3 48.Be3 Ne4 49.Bd4 Nd6
50.a5 Nf5 51.c3 Bf4 52.a6  1-0

[Event "ch-AUT w 2013"]
[Site "Feldkirch AUT"]
[Date "2013.07.21"]
[Round "2.4"]
[White "Horvath,Re"]
[Black "Wu,Min"]
[Result "0-1"]
[WhiteElo "2080"]
[BlackElo "1816"]

1.e4 d6 2.d4 Nf6 3.Nc3 Nbd7 4.Nf3 e5 5.Bc4 Be7 6.O-O O-O 7.a4 a5 8.Qe2 c6
9.Ba2 Qb6 10.Be3 Ng4 11.d5 Nxe3 12.fxe3 Qxb2 13.Qd2 Qb6 14.Ne2 Nc5 15.Ng3 Bd7
16.Nf5 Qd8 17.c4 Nxe4 18.Nxe7+ Qxe7 19.Qc2 cxd5 20.cxd5 Nc5 21.Rf2 g6 22.h4 Bxa4
23.Qc4 Bd7 24.Ng5 b5 25.Qe2 h6 26.Nf3 Ne4 27.Rff1 Ng3 28.Qf2 Nxf1 29.Rxf1 Bf5
30.h5 Rac8 31.Bb1 Bxb1 32.Rxb1 Rc5 33.Qd2 a4 34.e4 Kg7 35.Rf1 Rc4 36.Qe3 Qc7
37.Nh2 Qc5  0-1

[Event "36th Taminco Open"]
[Site "Ghent BEL"]
[Date "2013.07.21"]
[Round "3.13"]
[White "Woudt,E"]
[Black "Schroeder,Ja"]
[Result "0-1"]
[WhiteElo "2077"]
[BlackElo "2340"]

1.e4 d6 2.d4 Nf6 3.Nc3 e5 4.dxe5 dxe5 5.Qxd8+ Kxd8 6.Bc4 Be6 7.Bxe6 fxe6
8.Bg5 Bd6 9.O-O-O Ke7 10.f3 Nc6 11.Nh3 Rhb8 12.Nf2 b5 13.Nd3 h6 14.Bh4 a6
15.Rde1 a5 16.Re2 a4 17.Bf2 b4 18.Nb1 Nd7 19.Nd2 Na5 20.f4 b3 21.cxb3 axb3
22.a3 Rb5 23.Bh4+ Ke8 24.f5 Nc5 25.Nb4 Kd7 26.Rd1 Nc6 27.fxe6+ Nxe6 28.Nxc6 Kxc6
29.Nf3 Nf4 30.Red2 Ra4 31.Re1 Bb4  0-1

[Event "Yinzhou Cup CHN-USA"]
[Site "Ningbo CHN"]
[Date "2013.07.21"]
[Round "3.4"]
[White "Wang Jue"]
[Black "Melekhina,A"]
[Result "1-0"]
[WhiteElo "2399"]
[BlackElo "2216"]

1.e4 d6 2.d4 Nf6 3.Nc3 e5 4.Nf3 Nbd7 5.Bc4 Be7 6.O-O Nb6 7.Be2 exd4 8.Nxd4 O-O
9.Bf4 c6 10.a4 a5 11.Qd3 Re8 12.Rad1 Bf8 13.h3 Nbd7 14.Qg3 Nc5 15.e5 Nfe4
16.Nxe4 Nxe4 17.Qh2 g5 18.Bg3 Bg7 19.exd6 Nxg3 20.Qxg3 c5 21.Bb5 cxd4 22.Bxe8 Qxe8
23.Qxg5 h6 24.Qh4 Bf5 25.Rxd4 Bxd4 26.Qxd4 Qe4 27.Qd2 Kh7 28.Re1 Qxc2 29.Qd5 Be6
30.Qxb7 Qc8 31.Qe4+ Kg8 32.Re3 Bf5 33.Rg3+ Bg6 34.Qd5 Kh7 35.d7 Qc1+ 36.Kh2 Rd8
37.Qd6 Qc2 38.Re3 Qf5 39.Re7 Kg7 40.Re8  1-0

[Event "Czech Open A 2013"]
[Site "Pardubice CZE"]
[Date "2013.07.21"]
[Round "3.4"]
[White "Sochacki,C"]
[Black "Neuman,P"]
[Result "1/2-1/2"]
[WhiteElo "2459"]
[BlackElo "2522"]

1.e4 d6 2.d4 Nf6 3.Nc3 e5 4.Nf3 Nbd7 5.Bc4 Be7 6.O-O O-O 7.Qe2 exd4 8.Nxd4 Ne5
9.Bb3 c5 10.Nf5 Bxf5 11.exf5 Qd7 12.f4 Nc6 13.g4 d5 14.g5 c4 15.gxf6 Bxf6
16.Ba4 Qxf5 17.Qg2 Ne7 18.Ne2 b5 19.Bxb5 Rab8 20.a4 Qc8  1/2-1/2

[Event "Czech Open A 2013"]
[Site "Pardubice CZE"]
[Date "2013.07.21"]
[Round "3.12"]
[White "Narayanan,Sri"]
[Black "Krapivin,Vl"]
[Result "1-0"]
[WhiteElo "2475"]
[BlackElo "2340"]

1.e4 d6 2.d4 Nf6 3.Nc3 e5 4.Nf3 Nbd7 5.Bc4 Be7 6.O-O O-O 7.a4 c6 8.Re1 a5
9.h3 Nb6 10.Ba2 Nfd7 11.dxe5 dxe5 12.Be3 Qc7 13.Ng5 Nf6 14.Qd3 Bd7 15.f4 exf4
16.e5 Qxe5 17.Nxf7 Qc7 18.Ng5+ Kh8 19.Bd4 h6 20.Rxe7 hxg5 21.Qg6  1-0

[Event "28th Avoine Open"]
[Site "Avoine FRA"]
[Date "2013.07.22"]
[Round "3.33"]
[White "Bordais,B"]
[Black "Le Borgne,P"]
[Result "0-1"]
[WhiteElo "2017"]
[BlackElo "2254"]

1.e4 d6 2.d4 Nf6 3.Nc3 Nbd7 4.Be3 e5 5.Nf3 c6 6.a4 Be7 7.Bc4 O-O 8.O-O h6
9.Bb3 Re8 10.Qd2 Ng4 11.Rad1 Qc7 12.h3 Nxe3 13.fxe3 Bf6 14.Qf2 a6 15.g4 b5
16.axb5 axb5 17.d5 b4 18.dxc6 bxc3 19.cxd7 Bxd7 20.bxc3 Bb5 21.Rfe1 Ra6 22.h4 Bc4
23.g5 hxg5 24.hxg5 Bd8 25.Bxc4 Qxc4 26.Qf1 Qc8 27.Qb5 Re6 28.Ra1 Rxa1 29.Rxa1 Bxg5
30.Kf2 Rf6 31.Rh1 Bh6 32.Rh4 Qxc3 33.Qd3 Qc8 34.Kg3 Rg6+ 35.Kf2 Qc5 36.Rh5 Bxe3+
37.Ke2 Rg2+ 38.Kd1 Bf4 39.Rf5 Qa5  0-1

[Event "28th Avoine Open"]
[Site "Avoine FRA"]
[Date "2013.07.22"]
[Round "3.15"]
[White "Delorme,Al"]
[Black "Smith,Mat"]
[Result "1-0"]
[WhiteElo "2296"]
[BlackElo "2111"]

1.e4 d6 2.d4 Nf6 3.Nc3 e5 4.Nf3 Nbd7 5.Bc4 Be7 6.Ng5 O-O 7.Bxf7+ Rxf7 8.Ne6 Qe8
9.Nxc7 Qd8 10.Nxa8 b6 11.dxe5 dxe5 12.Nd5 Bd6 13.Bg5 Bb7 14.Qd3 Nc5 15.Qb5 Qxa8
16.Bxf6 Nxe4 17.O-O-O Nxf6 18.Nxf6+ Rxf6 19.f3 e4 20.fxe4 Bf4+ 21.Kb1 Bxe4
22.Qc4+ Kh8 23.Qxe4  1-0

[Event "DSK GM Open 2013"]
[Site "Cape Town RSA"]
[Date "2013.07.22"]
[Round "3.4"]
[White "Emojong,Elijah"]
[Black "Gwaze,R"]
[Result "0-1"]
[WhiteElo "2311"]
[BlackElo "2433"]

1.e4 d6 2.d4 Nf6 3.Nc3 c6 4.Nge2 Qc7 5.g3 b5 6.a3 e5 7.Bg2 Be7 8.O-O O-O
9.h3 a5 10.Be3 Bb7 11.b4 Nbd7 12.f4 Rfe8 13.Qd3 Nb6 14.Bf2 Nc4 15.Rfb1 Bf8
16.d5 a4 17.dxc6 Bxc6 18.Nd5 Bxd5 19.exd5 e4 20.Qd4 Qb7 21.Nc3 e3 22.Be1 Be7
23.Bf1 Rac8 24.Nxa4 e2 25.Bxe2 Bd8 26.Bxc4 Rxc4 27.Qd3 Qa7+ 28.Nc5 dxc5 29.bxc5 Qxc5+
30.Bf2 Qc8 31.d6 Qc6 32.Re1 Re6 33.d7 Ne4 34.a4 Nxf2 35.Rxe6 fxe6 36.axb5 Qc5
37.Qa3 Nxh3+ 38.Kg2 Rxc2+ 39.Kf3  0-1

[Event "65th ch-MNE 2013"]
[Site "Cetinje SRB"]
[Date "2013.07.22"]
[Round "3.10"]
[White "Tomic,Aleksandar"]
[Black "Mrsevic,M"]
[Result "1-0"]
[WhiteElo "1970"]
[BlackElo "2298"]

1.d4 d6 2.e4 Nf6 3.Nc3 e5 4.f4 exd4 5.Qxd4 Nc6 6.Qd1 Qe7 7.Bd3 g6 8.Nge2 Bg7
9.a3 O-O 10.O-O a6 11.Qe1 b5 12.f5 b4 13.axb4 Nxb4 14.Qh4 Bb7 15.Bg5 Rae8
16.Bc4 d5 17.exd5 h6 18.Bxh6 Bxh6 19.Qxh6 Qc5+ 20.Kh1 Ng4 21.Qf4 Ne3 22.f6 Nf5
23.Qg4 Re5 24.d6 Bxg2+ 25.Qxg2 Qxc4 26.Rf4 Qc5 27.Rg4 Kh7 28.Ne4 Qxc2 29.Ng5+ Kg8
30.Qh3 Qc6+ 31.Rg2 Nh4 32.Qxh4 Rxg5 33.Qxg5 Nd3 34.Qh6  1-0

[Event "65th ch-MNE 2013"]
[Site "Cetinje SRB"]
[Date "2013.07.22"]
[Round "3.7"]
[White "Kalezic,B"]
[Black "Batricevic,J"]
[Result "1-0"]
[WhiteElo "2418"]
[BlackElo "2166"]

1.e4 d6 2.d4 Nf6 3.Nc3 e5 4.Nf3 Nbd7 5.Bc4 Be7 6.O-O O-O 7.Re1 c6 8.a4 a5
9.b3 exd4 10.Nxd4 Nc5 11.Bf1 Qb6 12.h3 Re8 13.g4 Bf8 14.Bg2 Qb4 15.Bb2 Ne6
16.Nce2 Nxd4 17.Bxd4 Be6 18.Nf4 d5 19.c3 Qe7 20.exd5 Nxd5 21.Nxd5 cxd5 22.Bxd5 Qd7
23.Bg2 h5 24.gxh5 Bxh3 25.Qf3 Bxg2 26.Kxg2 Ra6 27.Re3 Rxe3 28.fxe3 Qe7 29.Rg1 Rh6
30.Rh1 Qa3 31.Qxb7 Qb2+ 32.Kf3 Qc2 33.Qd5 Rd6 34.Qg5 Re6 35.Qf4 Qxb3 36.h6 Rxh6
37.Rxh6 Qd1+ 38.Ke4 Qc2+ 39.Kd5 Qb3+ 40.c4 gxh6 41.Qg4+ Kh7 42.Qd7 Kg6 43.e4 Qf3
44.Qf5+ Qxf5+ 45.exf5+ Kxf5 46.c5 Bxc5 47.Bxc5 h5 48.Bb6 h4 49.Bxa5 h3 50.Bc7 Kg4
51.Bh2 f5 52.Ke5  1-0

[Event "15th TCh-Eur Senior"]
[Site "Dresden GER"]
[Date "2013.07.22"]
[Round "3"]
[White "Welz,P"]
[Black "Macdonald Ross,M"]
[Result "1/2-1/2"]
[WhiteElo "2149"]
[BlackElo "2136"]

1.e4 d6 2.d4 Nf6 3.Nc3 e5 4.Nf3 Nbd7 5.Bc4 Be7 6.dxe5 Nxe5 7.Be2 O-O 8.O-O a6
9.Nd4 c5 10.Nf5 Bxf5 11.exf5 d5 12.Bf4 Nc6 13.Bf3 d4 14.Ne4 Nd5 15.Bg3 Qd7
16.Bg4 Nf6 17.Nxf6+ Bxf6 18.Qd3 Rfe8 19.a3 Ne5 20.Bxe5 Rxe5 21.c3 Rd8 22.Rad1 Qe8
23.cxd4 Rxd4 24.Qf3 Rxd1 25.Qxd1 h6 26.b3 Qb5 27.g3 Re8 28.Bf3 Bd4 29.Kg2 Qd7
30.Re1 b5 31.Rxe8+ Qxe8 32.Bd5 Qe5  1/2-1/2

[Event "Open Desko Liberec 2013"]
[Site "Liberec CZE"]
[Date "2013.07.22"]
[Round "4.1"]
[White "Tuma,Ja"]
[Black "Taborsky,R"]
[Result "0-1"]
[WhiteElo "2290"]
[BlackElo "2262"]

1.e4 d6 2.d4 Nf6 3.Nc3 e5 4.Nf3 Nbd7 5.Bc4 Be7 6.g4 Nxg4 7.Rg1 Nb6 8.Bb3 exd4
9.Nxd4 Bf6 10.Ne6 Bxe6 11.Bxe6 Nxf2 12.Kxf2 fxe6 13.Ne2 O-O 14.Kg2 Be5 15.Ng3 Qh4
16.Qe2 Rf7 17.c3 Raf8 18.Rf1 Rxf1 19.Nxf1 Nd7 20.Bd2 Nc5 21.Re1 Nxe4 22.Be3 Nf6
23.h3 Qe4+ 24.Kg1 Nd5 25.Qd2 Nxe3 26.Rxe3 Rxf1+  0-1

[Event "6th Paleochora Open"]
[Site "Paleochora GRE"]
[Date "2013.07.22"]
[Round "5.28"]
[White "Michelakos,P"]
[Black "Tsiotridis,P"]
[Result "1-0"]
[WhiteElo "2146"]
[BlackElo "2023"]

1.d4 d6 2.e4 Nf6 3.Nc3 e5 4.Nf3 Nbd7 5.Bc4 Be7 6.Bxf7+ Kxf7 7.Ng5+ Kg8 8.Ne6 Qe8
9.Nxc7 Qg6 10.O-O Rb8 11.f4 Nb6 12.f5 Qh5 13.Qd3 Bd7 14.a4 h6 15.a5 Na8 16.N7d5 Qf7
17.Be3 Rc8 18.Rad1 Bc6 19.Nxe7+ Qxe7 20.d5 Be8 21.Bxa7 Nc7 22.b3 Na6 23.Bb6 Kh7
24.Rde1 Nc5 25.Qh3 Nh5 26.f6 Qd7 27.f7 Bxf7 28.Qxd7 Nxd7 29.Rxf7 Nxb6 30.Nb5 Na8
31.c4 Nf4 32.Nxd6 Rc7 33.Rxc7 Nxc7 34.Nxb7 Rb8 35.Nc5 Kg6 36.g3 Nh3+ 37.Kg2 Ng5
38.a6 Nxa6 39.Nxa6 Rxb3 40.Re2 Kf6 41.h4 Nf7 42.c5 Rc3 43.Rf2+ Ke7 44.d6+  1-0

[Event "39th Sitges Open"]
[Site "Sitges ESP"]
[Date "2013.07.22"]
[Round "1.1"]
[White "Kovchan,A"]
[Black "Basencyan,M"]
[Result "1/2-1/2"]
[WhiteElo "2577"]
[BlackElo "2130"]

1.e4 d6 2.d4 Nf6 3.Nc3 e5 4.Nf3 Nbd7 5.Bc4 Be7 6.O-O O-O 7.Re1 c6 8.a4 b6
9.Bg5 Qc7 10.Nh4 exd4 11.Qxd4 Nc5 12.Nf5 Bxf5 13.exf5 a5 14.Re3 Rae8 15.Rg3 Kh8
16.Rh3 Bd8 17.Qh4 Nce4 18.Bf4 Qd7 19.Nxe4 Rxe4 20.Bd3 Qxf5 21.Bxe4 Nxe4 22.Qh5 Qxh5
23.Rxh5 Bf6 24.Rb1 Bd4 25.Bxd6 Nxd6 26.Rd1 Re8 27.Kf1 Re4 28.f3 Rf4 29.g3 Rxf3+
30.Kg2 Rf2+ 31.Kh3 g6 32.Rxd4 gxh5 33.Rxd6 Rxc2 34.b3 Kg7 35.g4 hxg4+ 36.Kxg4 Rxh2
37.Rxc6 Rh6 38.Rc4 Rg6+ 39.Kh4 Rd6 40.b4 axb4 41.Rxb4 Kg6 42.Rb5 Rd4+ 43.Kg3 Rxa4
44.Rxb6+ f6 45.Rb8 f5 46.Rh8 Kg5 47.Rg8+ Kf6 48.Rh8 f4+ 49.Kh3 Rb4  1/2-1/2

[Event "VIII Vladimir Dvorkovich Open"]
[Site "Taganrog RUS"]
[Date "2013.07.22"]
[Round "1.7"]
[White "Tsyhanchuk,S"]
[Black "Jakenberg,Jussi"]
[Result "1-0"]
[WhiteElo "2412"]
[BlackElo "2063"]

1.e4 d6 2.d4 Nf6 3.Nc3 e5 4.Nge2 c6 5.a4 a5 6.g3 Be7 7.Bg2 Na6 8.h3 h5 9.Be3 Be6
10.Qd2 Qc7 11.f4 Nb4 12.Rd1 Nd7 13.fxe5 O-O-O 14.d5 cxd5 15.exd5 Bf5 16.Nd4 Nxe5
17.Nxf5 Nc4 18.Nb5 Qd7 19.Qc3 Qxf5 20.Qxc4+ Kb8 21.Qc7+ Ka8 22.Qxa5+  1-0

[Event "18th Balaguer Open"]
[Site "Balaguer ESP"]
[Date "2013.07.23"]
[Round "9.5"]
[White "Guerra Mendez,J"]
[Black "Janev,E"]
[Result "0-1"]
[WhiteElo "2505"]
[BlackElo "2439"]

1.e4 d6 2.d4 Nf6 3.Nc3 e5 4.Nf3 Nbd7 5.Bc4 Be7 6.a4 O-O 7.O-O exd4 8.Nxd4 Nb6
9.Ba2 a5 10.Qf3 Nfd7 11.Nf5 Bf6 12.Qg3 Ne5 13.Nh6+ Kh8 14.f4 Nec4 15.Qd3 Be6
16.Nf5 Bxc3 17.Qxc3 Bxf5 18.exf5 d5 19.Bxc4 Nxc4 20.b3 Nd6 21.Ba3 Ne4 22.Qd4 Re8
23.Rad1 c6 24.Bb2 f6 25.c4 dxc4 26.Qxc4 Nd2 27.Qc5 Nxb3 28.Qc2 Qb6+ 29.Kh1 Qb4
30.h4 Rad8 31.h5 h6 32.Rxd8 Rxd8 33.Qe2 Nd2 34.Re1 Qxb2 35.Qg4 Ne4 36.Kh2 Qd4
37.Qf3 Re8 38.Rd1 Nd2 39.Qg4 c5  0-1

[Event "14th ch-EUR Ind w"]
[Site "Belgrade SRB"]
[Date "2013.07.23"]
[Round "1.77"]
[White "Nikolovska,D"]
[Black "Chelushkina,I"]
[Result "0-1"]
[WhiteElo "1848"]
[BlackElo "2265"]

1.e4 d6 2.d4 Nf6 3.Nc3 c6 4.Bd3 e5 5.Nf3 Nbd7 6.dxe5 dxe5 7.O-O Qc7 8.a4 Be7
9.Re1 Nc5 10.Bc4 O-O 11.h3 a5 12.Bg5 Ne6 13.Bh4 Nf4 14.Ne2 Ng6 15.Ng3 Qb6
16.Bxf6 Bxf6 17.Bb3 Nf4 18.Ne2 Ne6 19.Bxe6 Bxe6 20.b3 Qc5 21.Ng3 Bd8 22.Qe2 f6
23.Nh4 g6 24.Nf3 Be7 25.Rad1 b5 26.Ra1 Rfd8 27.Red1 Rxd1+ 28.Qxd1 Qc3 29.Qc1 Rd8
30.Ne2 Qb4 31.Ng3 Qc5 32.Qb2 bxa4 33.bxa4 Qb4 34.Qc1 Bf8 35.Qe3 c5 36.Qc1 Rb8
37.Qd1 Qc3 38.Ne2 Qb4 39.Ng3 c4 40.Ne2 c3 41.Qd3 Bc4 42.Qd1 Qb2 43.Ng3 Be7
44.Ne1 Rd8 45.Qb1 Bc5 46.Nf1 Be2 47.Nf3 Rd1  0-1

[Event "Biel MTO 2013"]
[Site "Biel SUI"]
[Date "2013.07.23"]
[Round "2.7"]
[White "Lampert,J"]
[Black "Solak,D"]
[Result "0-1"]
[WhiteElo "2373"]
[BlackElo "2598"]

1.e4 d6 2.d4 Nf6 3.Nc3 e5 4.f4 exd4 5.Qxd4 Nc6 6.Qd1 Be7 7.Nf3 O-O 8.Bc4 Be6
9.Bd5 Bxd5 10.exd5 Nb4 11.a3 Na6 12.O-O c6 13.Nd4 Qd7 14.Qf3 c5 15.Nde2 Nc7
16.f5 b5 17.Bg5 Nfxd5 18.Nxd5 Nxd5 19.Bh6 gxh6 20.Qxd5 Bf6 21.c3 Rae8 22.Ng3 Re5
23.Qf3 Kh8 24.Rae1 Qe7 25.Rxe5 Bxe5 26.f6 Qe6 27.Nh5 Qb3 28.Rf2 Qc4 29.Re2 Rg8
30.Ng7 Qh4 31.g3 Qxf6 32.Qxf6 Bxf6 33.Nf5 Rd8 34.Nxh6 Kg7 35.Ng4 d5 36.Rf2 Rd6
37.Rf5 Kg6 38.Rf1 d4 39.Nxf6 Rxf6 40.Rd1 dxc3 41.bxc3 Rf3 42.a4 bxa4 43.Ra1 Rxc3
44.Rxa4 Rc1+ 45.Kg2 Rc2+ 46.Kh3 c4 47.Rxa7 h5 48.Ra5 c3 49.Rc5 f5 50.Rc6+ Kg5
51.Rc7 Kf6 52.Rc8 Ke5 53.Re8+ Kd4 54.Rd8+ Ke3 55.Rc8 Kd3 56.Rd8+ Kc4 57.Rc8+ Kb3
58.Rb8+ Ka2 59.Rc8 Kb2 60.Rb8+ Kc1 61.Rc8 Kb2 62.Rb8+ Ka3 63.Rc8 Kb4 64.Rb8+ Kc4
65.Rc8+ Kd3 66.Rd8+ Ke3 67.Rc8 Ke2 68.Kh4 Kd3 69.Rd8+ Ke4 70.h3 Rh2 71.Rc8 c2
72.Kg5 Kd3 73.h4 Rh1 74.Kxh5 c1=Q 75.Rxc1 Rxc1 76.g4 f4 77.g5 f3 78.g6 f2
79.g7 Rg1  0-1

[Event "15th TCh-Eur Senior"]
[Site "Dresden GER"]
[Date "2013.07.23"]
[Round "4"]
[White "Walter,Gu1 GER"]
[Black "Goy,U"]
[Result "1-0"]
[WhiteElo "2233"]
[BlackElo "2220"]

1.e4 d6 2.d4 Nf6 3.Nc3 Nbd7 4.Be3 e5 5.d5 Be7 6.f3 c6 7.Qd2 cxd5 8.exd5 O-O
9.g4 a6 10.O-O-O b5 11.g5 Ne8 12.h4 Bb7 13.a3 Rc8 14.Nge2 Nb6 15.Ng3 Nc4
16.Bxc4 Rxc4 17.Nf5 Nc7 18.b3 Rxc3 19.Qxc3 Nxd5 20.Qd2 Qd7 21.Nxe7+ Qxe7
22.Rhe1 Rc8 23.Bd4 Qd7 24.Bb2 Qf5 25.Qd3 Qf4+ 26.Kb1 g6 27.Re4 Qh2 28.Qe2 Qxe2
29.Rxe2 Nc3+ 30.Bxc3 Bxf3 31.Rxd6 Bxe2 32.Bxe5 Bg4 33.c4 bxc4 34.bxc4 f6
35.gxf6 Rxc4 36.Rxa6 h6 37.Kb2 g5 38.hxg5 hxg5 39.Ra7 Be6 40.Rg7+ Kf8 41.Bd6+  1-0

[Event "15th TCh-Eur Senior"]
[Site "Dresden GER"]
[Date "2013.07.23"]
[Round "4"]
[White "Villing,D"]
[Black "Wuttke,H"]
[Result "1/2-1/2"]
[WhiteElo "2120"]
[BlackElo "2171"]

1.e4 d6 2.d4 Nf6 3.Nc3 e5 4.dxe5 dxe5 5.Qxd8+ Kxd8 6.Bg5 Be7 7.O-O-O+ Ke8
8.Nf3 Nbd7 9.Bc4 a6 10.Rhe1 h6 11.Bh4 g5 12.Bg3 Bd6 13.Nd5 Nxd5 14.exd5 f6
15.h4 Kf7 16.hxg5 hxg5 17.Rh1 Rxh1 18.Rxh1 Nf8 19.Nd2 Kg7 20.Ne4 Bf5 21.f3 Nd7
22.Bd3 Bg6 23.Bf2 Rf8 24.g4 Bxe4 25.Bxe4 Rd8 26.c4 b6 27.a3 a5 28.Kc2 a4
29.Kc3 Nf8 30.Bc2 Ra8 31.Bf5 Ra5 32.Kd3 Ra8 33.Rc1 Ra5 34.Be1 Ra8 35.Bb4 Kf7
36.Ke4 Rb8 37.Rc3 Bc5 38.b3 Bd4 39.Rd3 axb3 40.Rxb3 Ng6 41.Bxg6+ Kxg6 42.Bc3 Bc5
43.a4 Ra8 44.a5 bxa5 45.Rb5 Bb4 46.Bxb4 axb4 47.Rxb4 Ra7 48.c5 Kf7 49.Rc4 Ra5
50.Rc3 Ra4+ 51.Ke3 Ke7 52.Rd3 Rc4 53.d6+ cxd6 54.cxd6+ Kd7 55.Rd5 Ra4  1/2-1/2

[Event "Czech Open B 2013"]
[Site "Pardubice CZE"]
[Date "2013.07.23"]
[Round "5.10"]
[White "Stovring,C"]
[Black "Turner,Ja"]
[Result "0-1"]
[WhiteElo "2068"]
[BlackElo "2362"]

1.e4 d6 2.d4 Nf6 3.Nc3 e5 4.Nf3 Nbd7 5.Bc4 Be7 6.h3 O-O 7.Be3 c6 8.g4 exd4
9.Bxd4 b5 10.Bd3 b4 11.Ne2 c5 12.Be3 d5 13.exd5 Nb6 14.Nf4 Nfxd5 15.Qe2 Qc7
16.Nxd5 Nxd5 17.Bxh7+ Kxh7 18.Qd3+ Kg8 19.Qxd5 Bb7 20.Qh5 Bxf3 21.O-O Rad8
22.Qf5 Ba8 23.Rad1 g6 24.Qf4 Bd6 25.Qf6 Bh2+  0-1